| 000 | 00357nam a2200133Ia 4500 | ||
|---|---|---|---|
| 005 | 20260328104318.0 | ||
| 008 | 260328s9999||||xx |||||||||||||| ||und|| | ||
| 100 | _aDrouet, Aurelie | ||
| 245 | 0 |
_a 100% Pallet from freight to furniture / _cAurelie Drouet |
|
| 260 | _bScriptum | ||
| 300 | _a191 p. | ||
| 650 | _aDISEÑO INDUSTRIAL - ELEMENTOS | ||
| 942 | _cBK | ||
| 999 |
_c11262 _d11262 |
||